01296nab a2200361 a 450000100060000000300080000600500170001400600190003100700150005000800410006502200140010603500210012004000260014105000180016708000070018508200120019210000210020422200570022524501460028226000510042830000100047931000140048936200260050353301640052965000350069365000330072865500320076170000210079370000230081471000190083785600610085699900170091733413FlNmELB20241216220824.0m o d | cr cn|||||||||201106r2006 ck |||||s|||||||||||spa d a0120-4157 a(OCoLC)955418044 aFlNmELBbspacFlNmELB 4aR5bB412 2006 a6104a6102221 aBedoya, Gabriel. 0aBiomédica. Revista del Instituto Nacional de Salud10aAnálisis de isonimia entre poblaciones del noroeste de Colombiah[recurso electronico] /cGabriel Bedoya, Jenny García, Patricia Montoya. aBogotá (Colombia) :bRed Biomédica,c2006. a10 p. aSemestral0 aVol. 26, No. 4(2006)- aRecurso electrónico. Santa Fe, Arg.: e-libro, 2015. Disponible vía World Wide Web. El acceso puede estar limitado para las bibliotecas afiliadas a e-libro. 4aMedicina.xMedicina clínica. 4aMedical.xClinical medicine. 4aArtículos electrónicos.1 aGarcía, Jenny.1 aMontoya, Patricia.2 ae-libro, Corp.40uhttps://elibro.net/ereader/politecnicointernacional/5388 c33413d33413